Sports Quiz

Random Sports or NBA Quiz

Active NBA Top 50 Points Quiz Stats

 Plays Quiz not verified by Sporcle

Score 0/50 Timer 08:00
0 Plays Today
Teams Name % Correct
LALKobe Bryant
98.9%
ORL LAL MIA PHX CLEShaquille O'Neal
97.9%
POR IND TOR MIA Jermaine O'Neal
97.6%
MIN BOSKevin Garnett
97.2%
DALDirk Nowitzki
97.2%
SATim Duncan
96.7%
BOSPaul Pierce
96.5%
MIL SEA BOSRay Allen
95.9%
PHI DEN DET MEMAllen Iverson
94.4%
TOR NJ ORLVince Carter
94%
CLELeBron James
93.9%
TOR ORL HOU NYTracy McGrady
88.9%
PHX DALSteve Nash
87.9%
MIADwyane Wade
86.9%
DAL PHX NJJason Kidd
86.5%
DENCarmelo Anthony
85.1%
SATony Parker
83.3%
TORChris Bosh
81.3%
MEM LALPau Gasol
80.3%
PHXAmare Stoudemire
79.1%
WAS POR ATL DET BOS*Rasheed Wallace
77.5%
BOS PHX ATLJoe Johnson
76.8%
GS DAL WAS CLEAntwan Jamison
73.9%
GS WASGilbert Arenas
73.8%
MILMichael Redd
72.2%
Teams Name % Correct
BOS TOR DEN MIN DET Chauncey Billups
72%
WAS DETRichard Hamilton
71.9%
CHI LAC PHIElton Brand
70%
CHH NO GS LACBaron Davis
69.3%
WAS DAL DEN ORL HOU DEN CHA PORJuwan Howard
68.4%
PHX MIA TOR DALShawn Marion
67.8%
SEA ORLRashard Lewis
67.6%
CLE LAC DEN PHI PORAndre Miller
63.2%
ATL DALJason Terry
61.5%
VAN SAC ATLMike Bibby
61.4%
DET ORL PHXGrant Hill
60.7%
NJ MIL SARichard Jefferson
59.7%
GS PHI MIN DET MIL DEN CHI CLE OKC ATLJoe Smith
59.4%
CLEZydrunas Ilgauskas
59.3%
LAC MIA LALLamar Odom
57.6%
NJ SA ATL IND GS CHAStephen Jackson
57.3%
SAC IND NOPeja Stojakovic
55.1%
CHI IND SAC HOU LALRon Artest
53.3%
GS CHA PHXJason Richardson
52.7%
PHX DAL SA BOSMichael Finley
52.7%
PHI DET WAS DAL MILJerry Stackhouse
51.8%
CHI NY GS ATLJamal Crawford
46.9%
ORL LAC GSCorey Maggette
37.3%
DEN PHX NYK DET SAAntonio Mcdyess
35.3%
IND ATL GS NYAl Harrington
32.5%

You're not logged in!

Compare scores with friends on all Sporcle quizzes.
OR
Log In

Show Comments

Extras

Top Quizzes Today


Score Distribution

Your Account Isn't Verified!

In order to create a playlist on Sporcle, you need to verify the email address you used during registration. Go to your Sporcle Settings to finish the process.

Report this User

Report this user for behavior that violates our Community Guidelines.

Details: